Issues in African education : sociological perspectives / (Record no. 1205)

000 -LEADER
fixed length control field 00897nam a22001937a 4500
003 - CONTROL NUMBER IDENTIFIER
control field OSt
005 - DATE AND TIME OF LATEST TRANSACTION
control field 20140116120848.0
008 - FIXED-LENGTH DATA ELEMENTS--GENERAL INFORMATION
fixed length control field 130801b xxu||||| |||| 00| 0 eng d
050 ## - LIBRARY OF CONGRESS CALL NUMBER
Classification number LC191.8.A4 2005
100 ## - MAIN ENTRY--PERSONAL NAME
Personal name Abdi, Ali A.
245 ## - TITLE STATEMENT
Title Issues in African education : sociological perspectives /
Statement of responsibility, etc Ali A. Abdi and Ailie Cleghorn.
504 ## - BIBLIOGRAPHY, ETC. NOTE
Bibliography, etc Includes index and bibliographical references.
505 ## - FORMATTED CONTENTS NOTE
Formatted contents note Part I Theoretical Foundations<br/>Part II Culture, Language, and the Curriculum<br/>Part III Gender and Equity Issues in Education<br/>Part IV Education and Change
650 ## - SUBJECT ADDED ENTRY--TOPICAL TERM
Topical term or geographic name as entry element Educational sociology
650 ## - SUBJECT ADDED ENTRY--TOPICAL TERM
Topical term or geographic name as entry element Education
Form subdivision Social aspects
Geographic subdivision Africa
700 ## - ADDED ENTRY--PERSONAL NAME
Personal name Cleghorn, Ailie.
856 ## - ELECTRONIC LOCATION AND ACCESS
Uniform Resource Identifier <a href="http://site.ebrary.com/lib/riara/docDetail.action?docID=10135452&adv.x=1&p00=sociology+of+education&f00=all&p01=%22Educational+Sociology%22&f01=subject">http://site.ebrary.com/lib/riara/docDetail.action?docID=10135452&adv.x=1&p00=sociology+of+education&f00=all&p01=%22Educational+Sociology%22&f01=subject</a>
Link text Click here to view e-book
942 ## - ADDED ENTRY ELEMENTS (KOHA)
Source of classification or shelving scheme
Koha item type Electronic Book

No items available.


Riara University Library,
P.O. Box 49940-00100,
Nairobi, Kenya.